000 01476nam a22002297a 4500
005 20241223122308.0
010 _aB-761024-032 07/24,CHHN B-761508
020 _a9788119206360
_c250.00
035 _aB-761024-032
035 _aB-761508
037 _bअद्विक पब्लिकेशन
037 _bउपहार
082 _a
100 _aजायसवाल, संजीव
_975555
245 _aनटखट कहानियाँः
_bबाल कहानी-संग्रह/
_cसंजीव जायसवाल
260 _a दिल्ली
_bअद्विक पब्लिकेशन प्राइवेट लिमिटेड
_c2023
270 _a41 हसनपुर आई.पी एक्सटेंशन पटपड़गंज
_b दिल्ली
_e110092
300 _a44पृ.;
_c24सेमी, (आजिल्द)
_bसचित्र
942 _adpl
_cCH
_2ddc
_h
_mजायस
999 _c205640
_d205640